Rebelión en la granja (Registro nro. 11209)
[ vista simple ]
| 000 - LÍDER | |
|---|---|
| campo de control de longitud fija | 00852nam a2200277 a 4500 |
| 003 - IDENTIFICADOR DE NÚMERO DE CONTROL | |
| campo de control | OSt |
| 005 - FECHA Y HORA DE LA ÚLTIMA TRANSACCIÓN | |
| campo de control | 20210818181548.0 |
| 008 - ELEMENTOS DE DATOS DE LONGITUD FIJA - INFORMACIÓN GENERAL | |
| campo de control de longitud fija | 111010s2010 sp a jr 0001fcspa d |
| 020 ## - INTERNATIONAL STANDARD BOOK NUMBER | |
| International Standard Book Number | 9788499890951 |
| 040 ## - FUENTE DE CATALOGACIÓN | |
| Lenguaje de catalogación | spa |
| 041 1# - CÓDIGO DE LENGUAJE | |
| Código de idioma del original | eng |
| 043 ## - CÓDIGO DE ÁREA GEOGRÁFICA | |
| Código de área geográfica | e-uk-en |
| 082 04 - NÚMERO DE CLASIFICACIÓN DECIMAL DEWEY | |
| Número de clasificación | 823.912 |
| Número de artículo | O79r |
| 100 1# - ENTRADA PRINCIPAL - NOMBRE PERSONAL | |
| Nombre de la persona | Orwell, George, |
| Fechas asociadas a un nombre | 1903-1950. |
| 245 10 - TÍTULO DECLARACIÓN | |
| Título | Rebelión en la granja |
| Declaración de responsabilidad | George Orwell ; Epílogo Christopher Hitchens; Traducción Marcial Souto |
| 260 ## - PUBLICACIÓN, DISTRIBUCIÓN | |
| Lugar de publicación | Barcelona: |
| Nombre del editor | Penguin Random House; |
| Fecha de publicación | 2013. |
| 300 ## - DESCRIPCIÓN FÍSICA | |
| Alcance | 139 páginas; |
| 534 ## - NOTA DE VERSIÓN ORIGINAL | |
| Frase introductoria | Título original : |
| Declaración de título del original | Animal farm. |
| 650 #4 - ENTRADA DE SUJETO AÑADIDO - TÉRMINO TÓPICO | |
| Término tópico o elemento de entrada del nombre geográfico | Novela inglesa. |
| 650 #4 - ENTRADA DE SUJETO AÑADIDO - TÉRMINO TÓPICO | |
| Término tópico o elemento de entrada del nombre geográfico | Socialismo |
| Subdivisión de forma | Novela. |
| 650 ## - ENTRADA DE SUJETO AÑADIDO - TÉRMINO TÓPICO | |
| Término tópico o elemento de entrada del nombre geográfico | Clases sociales |
| Subdivisión de forma | Novela. |
| 650 ## - ENTRADA DE SUJETO AÑADIDO - TÉRMINO TÓPICO | |
| Término tópico o elemento de entrada del nombre geográfico | Corrupción política |
| Subdivisión de forma | Novela. |
| 700 1# - ENTRADA AGREGADA - NOMBRE PERSONAL | |
| Nombre de la persona | Souto, Marcial, |
| Término del Relator | tr. |
| 942 ## - ELEMENTOS DE ENTRADA AGREGADOS (KOHA) | |
| Fuente de clasificación o esquema de estanterías | Dewey Decimal Classification |
| Parte de clasificación | 823.912 O79r |
| 949 ## - INFORMACIÓN DE PROCESAMIENTO LOCAL (OCLC) | |
| a | |
| Estado de retirada | Pérdida de estatus | Fuente de clasificación o esquema de estanterías | Estado dañado | No para préstamo | Código de recogida | Ubicación permanente | Ubicación actual | Ubicación de las estanterías | Fecha de adquisición | Total de Cajas | Número Topográfico | Código de barras | Precio efectivo desde | Fecha de la última salida | Fecha de la última vez que se vio | Tipo de artículo Koha |
|---|---|---|---|---|---|---|---|---|---|---|---|---|---|---|---|---|
| Dewey Decimal Classification | General | Biblioteca Pública Departamental Comfamiliar Risaralda | Biblioteca Pública Departamental Comfamiliar Risaralda | Área General | 08/03/2017 | 2 | 823.912 O79r | COMF1743 | 08/03/2017 | 24/05/2018 | 29/01/2019 | Libro |